Engineering Physics (Record no. 1127)

MARC details
000 -LEADER
fixed length control field 00442nam a22001697a 4500
005 - DATE AND TIME OF LATEST TRANSACTION
control field 20260115141654.0
008 - FIXED-LENGTH DATA ELEMENTS--GENERAL INFORMATION
fixed length control field 160519b xxu||||| |||| 00| 0 eng d
020 ## - INTERNATIONAL STANDARD BOOK NUMBER
ISBN 978-81-89928-22-3
041 ## - LANGUAGE CODE
Language code of text/sound track or separate title eng
082 ## - DEWEY DECIMAL CLASSIFICATION NUMBER
Item number 3308
100 ## - MAIN ENTRY--AUTHOR NAME
Personal name Gaur, R.K. & Gupta S.L.
245 ## - TITLE STATEMENT
Title Engineering Physics
260 ## - PUBLICATION, DISTRIBUTION, ETC. (IMPRINT)
Place of publication New Delhi
Name of publisher Dhanpat Rai Publising Co. Pvt. Ltd.
Year of publication 1981
300 ## - PHYSICAL DESCRIPTION
Number of Pages 64.2
650 ## - SUBJECT ADDED ENTRY--TOPICAL TERM
Topical Term DIPLOMA ENGINEERING
942 ## - ADDED ENTRY ELEMENTS (KOHA)
Koha item type Books
Holdings
Lost status Damaged status Collection code Home library Current library Shelving location Date acquired Cost, normal purchase price Full call number Accession Number Koha item type
    CS/IT JRU Library JRU Library SHELF-56-D 19/05/2016 535.00 3308 3308 Books
    CS/IT JRU Library JRU Library SHELF-56-D 19/05/2016 535.00 3308 3309 Books
    MANAGEMENT JRU Library JRU Library SHELF-51-D 19/05/2016 535.00 3308 3310 Books